|
|
|
|
| LEADER |
00000cam a2200000 c 4500 |
| 001 |
660828901 |
| 003 |
DE-627 |
| 005 |
20251223225450.0 |
| 007 |
tu |
| 008 |
110525s2011 au ||||| 00| ||ger c |
| 010 |
|
|
|a 2011418348
|
| 015 |
|
|
|a 11,N21
|2 dnb
|
| 015 |
|
|
|a 11,N21
|2 dnb
|
| 016 |
7 |
|
|a 1011728699
|2 DE-101
|
| 020 |
|
|
|a 3853713297
|c Pb. : ca. EUR 17.90 (DE), ca. EUR 17.90 (AT), ca. sfr 23.50 (freier Pr.)
|9 3-85371-329-7
|
| 020 |
|
|
|a 9783853713297
|c : Pb. : ca. EUR 17.90 (DE), ca. EUR 17.90 (AT), ca. sfr 23.50 (freier Pr.)
|9 978-3-85371-329-7
|
| 024 |
3 |
|
|a 9783853713297
|
| 035 |
|
|
|a (DE-627)660828901
|
| 035 |
|
|
|a (DE-576)345050479
|
| 035 |
|
|
|a (DE-599)DNB1011728699
|
| 035 |
|
|
|a (OCoLC)844863625
|
| 035 |
|
|
|a (OCoLC)775080653
|
| 040 |
|
|
|a DE-627
|b ger
|c DE-627
|e rakwb
|
| 041 |
|
|
|a ger
|
| 044 |
|
|
|c XA-AT
|
| 050 |
|
0 |
|a HV6322.7
|
| 082 |
0 |
|
|a 900
|q BSZ
|
| 082 |
0 |
|
|a 340
|q OCLC
|
| 082 |
0 |
|
|a 345.0251
|
| 082 |
0 |
4 |
|a 340
|q DNB
|
| 082 |
0 |
4 |
|a 900
|
| 084 |
|
|
|a 2
|a 3,6
|2 ssgn
|
| 084 |
|
|
|a MB 3300
|q BVB
|2 rvk
|0 (DE-625)rvk/122313:
|
| 084 |
|
|
|a 73.74
|2 bkl
|
| 084 |
|
|
|a 86.05
|2 bkl
|
| 084 |
|
|
|a 89.63
|2 bkl
|
| 100 |
1 |
|
|a Hofbauer, Hannes
|d 1955-
|0 (DE-588)12015787X
|0 (DE-627)08048655X
|0 (DE-576)165558849
|4 aut
|
| 109 |
|
|
|a Hofbauer, Hannes 1955-
|a Chofbauėr, Channes 1955-
|a Chofbauer, Chanes 1955-
|a Hofbauer, Hanes 1955-
|
| 245 |
1 |
0 |
|a Verordnete Wahrheit, bestrafte Gesinnung
|b Rechtsprechung als politisches Instrument
|c Hannes Hofbauer
|
| 264 |
|
1 |
|a Wien
|b Promedia
|c 2011
|
| 300 |
|
|
|a 264 S.
|c 210 mm x 150 mm
|
| 336 |
|
|
|a Text
|b txt
|2 rdacontent
|
| 337 |
|
|
|a ohne Hilfsmittel zu benutzen
|b n
|2 rdamedia
|
| 338 |
|
|
|a Band
|b nc
|2 rdacarrier
|
| 500 |
|
|
|a Literaturangaben
|
| 546 |
|
|
|a Deutsch
|
| 583 |
1 |
|
|a Archivierung prüfen
|c 20240324
|f DE-4165
|z 1
|2 pdager
|
| 583 |
1 |
|
|a Archivierung/Langzeitarchivierung gewährleistet
|c 20240722
|f NI-LastCopies
|x XA-DE-NI
|z Potenzieller Alleinbesitz Niedersachsen
|2 pdager
|5 DE-89
|
| 650 |
|
0 |
|a Genocide
|x History
|
| 650 |
|
0 |
|a Genocide
|x Political aspects
|
| 650 |
|
0 |
|a Genocide
|z Europe
|
| 689 |
0 |
0 |
|d s
|0 (DE-588)4063690-2
|0 (DE-627)106126954
|0 (DE-576)209149884
|a Völkermord
|2 gnd
|
| 689 |
0 |
1 |
|d s
|0 (DE-588)4061672-1
|0 (DE-627)104106611
|0 (DE-576)209140771
|a Vergangenheitsbewältigung
|2 gnd
|
| 689 |
0 |
2 |
|d s
|0 (DE-588)4129409-9
|0 (DE-627)105710091
|0 (DE-576)20961028X
|a Interessenpolitik
|2 gnd
|
| 689 |
0 |
|
|5 DE-101
|
| 856 |
4 |
2 |
|u https://swbplus.bsz-bw.de/bsz345050479inh.htm
|m B:DE-576;DE-Frei85
|q application/pdf
|v 20120711091415
|x Verlag
|3 Inhaltsverzeichnis
|7 1
|
| 856 |
4 |
2 |
|u http://www.mediashop.at/typolight/index.php/buecher/items/hofbauer-hannes-verordnete-wahrheit-bestrafte-gesinnung
|x Verlag
|y Inhaltsbeschreibung
|7 1
|
| 935 |
|
|
|a mkri
|
| 936 |
r |
v |
|a MB 3300
|b Politik und Recht
|k Politologie
|k Grundlagen und Selbstverständnis des Faches
|k Beziehungen der Politik zu anderen Disziplinen und Bereichen. Politik und Wissenschaft
|k Politik und Recht
|0 (DE-627)1271424339
|0 (DE-625)rvk/122313:
|0 (DE-576)201424339
|
| 936 |
b |
k |
|a 73.74
|j Interethnische Beziehungen
|x Ethnologie
|0 (DE-627)181571315
|
| 936 |
b |
k |
|a 86.05
|j Rechtssoziologie
|j Rechtspsychologie
|0 (DE-627)106413457
|
| 936 |
b |
k |
|a 89.63
|j Pressure-groups
|0 (DE-627)106418289
|
| 951 |
|
|
|a BO
|
| ELC |
|
|
|b 1
|
| LOK |
|
|
|0 000 xxxxxcx a22 zn 4500
|
| LOK |
|
|
|0 001 3153551812
|
| LOK |
|
|
|0 003 DE-627
|
| LOK |
|
|
|0 004 660828901
|
| LOK |
|
|
|0 005 20120704171931
|
| LOK |
|
|
|0 008 110526||||||||||||||||ger|||||||
|
| LOK |
|
|
|0 040
|a DE-Frei85
|c DE-627
|d DE-Frei85
|
| LOK |
|
|
|0 852
|a DE-Frei85
|
| LOK |
|
|
|0 852 1
|m p
|9 00
|
| LOK |
|
|
|0 938
|k p
|
| LOK |
|
|
|0 939
|a 26-05-11
|b l01
|
| ORI |
|
|
|a SA-MARC-krimdoka001.raw
|